000
00285nam a22001217a 4500
008
170224b xxu||||| |||| 00| 0 eng d
041
_a
eng
080
_a
617
100
_a
5
101
_a
SHS
245
_a
DIAGNOSIS AND TREATMENT OF SURGICAL DISEASES
_c
ELSBERG ,C,A
942
_2
udc
_c
BK
999
_c
6200
_d
6200